[Event "Interzonal-15"]
[Site "Manila"]
[Date "1990.??.??"]
[Round "2"]
[White "Sax, Gyula"]
[Black "Thipsay, Praveen Mahadeo"]
[Result "1-0"]
[WhiteElo "2600"]
[BlackElo "2490"]
[Annotator "Ernst,T"]
[PlyCount "109"]
[EventDate "1990.06.29"]
[EventType "swiss"]
[EventRounds "13"]
[EventCountry "PHI"]
[SourceTitle "CBM 019"]
[Source "ChessBase"]
[SourceDate "1990.12.01"]
[SourceVersion "1"]
[SourceVersionDate "1990.12.01"]
[SourceQuality "1"]

1. e4 e5 2. Nf3 Nc6 3. Bb5 a6 4. Ba4 Nf6 5. O-O Be7 6. Re1 b5 7. Bb3 O-O 8. c3
d6 9. h3 Na5 10. Bc2 c5 11. d4 Qc7 12. Nbd2 cxd4 13. cxd4 Bd7 (13... Bb7) 14.
Nf1 Rac8 15. Ne3 Nc6 16. d5 Nb4 17. Bb1 a5 18. a3 Na6 19. b4 g6 (19... axb4)
20. Bd2 (20. Bb2 Nh5 21. Qd2 Nf4 22. Ng4 {/\ Qf4} Bxg4 23. hxg4 Qd7 {/\} 24.
Bxe5 $2 dxe5 25. Nxe5 Qc7 $19) 20... Nh5 21. Bd3 (21. bxa5 Nc5 22. Bb4 Nf4 23.
Bc2 f5 24. exf5 gxf5 25. Rc1 Qa7 26. Qd2 e4 27. Nd4 Ncd3 28. Bxd3 Rxc1 29. Rxc1
Nxd3 30. Nc6 Bxc6 31. Rxc6 f4 32. Ng4 h5 33. Nh6+ Kh7 34. Bxd6 Bxd6 35. Rxd6
Rc8 36. Kh2 Rc1 37. Rc6 $13 {Ernst,T-Howell,J, London LB 1988.}) 21... Nf4 22.
Bf1 f5 23. Rc1 $14 (23. Qb3 Kh8 24. Rac1 Qb7 $13) (23. exf5 gxf5 24. g3 Ng6 25.
Ng2 Qb7 26. Bh6 Rfe8 27. Qd2 $10 {Arakhamia,K-Piper,M, Oakham 1990.}) 23... Qb7
24. Rxc8 Qxc8 25. exf5 gxf5 26. bxa5 Nc5 27. Bb4 e4 28. Bxc5 Qxc5 (28... exf3
29. Qxf3 Nxh3+ 30. Qxh3 f4 31. Qh5 $16) 29. Nd4 Bd8 (29... Qxa3 30. Nexf5 $1
Nxh3+ 31. Kh2 Bxf5 32. Nxf5 Rxf5 33. Qg4+ Rg5 34. Qe6+ Kf8 35. Rxe4 $16) (29...
Nd3 30. Ne6 Bxe6 31. Bxd3 Bxd5 32. Bxb5 Be6 33. Ba4 $1 $14 {/\} f4 34. Bb3 Bxb3
35. Qxb3+ Kh8 36. Ng4 $1) 30. Nc6 Bxc6 31. dxc6 Bxa5 32. Qb3+ Kh8 33. Rd1 Qxc6
34. Qxb5 (34. Bxb5 Qc5 35. Nc4 Ne2+) 34... Qc5 $6 (34... Qxb5 $5 35. Bxb5 d5
36. g3 $1 (36. Nxd5 Nxd5 37. Rxd5 f4) 36... Nxh3+ 37. Kg2 $14) 35. Qxc5 dxc5
36. g3 Ne6 37. Rd5 f4 38. gxf4 Nxf4 (38... Rxf4 39. Re5) 39. Rxc5 Be1 40. Rf5
Rg8+ (40... Rxf5 41. Nxf5 Nd3 42. Bxd3 exd3 43. Kf1 $18) 41. Ng4 Bd2 42. Kh2
Ra8 (42... h5 43. Ne3 $18) (42... Ng6 43. Bg2 $1 Nh4 44. Rf7 h5 45. Nf6 Rxg2+
46. Kh1 $18) 43. Rf7 $1 {/\ Nf6} Ne6 44. h4 $1 $18 Bc3 45. Bc4 Nc5 46. h5 $1
Nd3 (46... Rxa3 47. Rf8+ Kg7 48. Rg8#) 47. Bd5 Re8 48. h6 Ne5 49. Nxe5 Bxe5+
50. Kg2 Bd6 51. a4 Re5 (51... e3 52. fxe3 Rxe3 53. Rd7 Bf8 54. Rd8 Re2+ (54...
Rg3+ 55. Kf2) 55. Kg3) 52. Rd7 Be7 53. a5 e3 54. fxe3 Rxe3 55. a6 1-0

[Event "Interpolis"]
[Site "Tilburg"]
[Date "1992.10.12"]
[Round "2.2"]
[White "Adams, Michael"]
[Black "Beliavsky, Alexander G"]
[Result "1-0"]
[WhiteElo "2610"]
[BlackElo "2595"]
[Annotator "Ernst,T"]
[PlyCount "133"]
[EventDate "1992.10.08"]
[EventType "k.o."]
[EventRounds "7"]
[EventCountry "NED"]
[SourceTitle "CBM 032"]
[Source "ChessBase"]
[SourceDate "1993.02.01"]
[SourceVersion "1"]
[SourceVersionDate "1993.02.01"]
[SourceQuality "1"]

1. e4 e5 2. Nf3 Nc6 3. Bb5 a6 4. Ba4 Nf6 5. O-O Be7 6. Re1 b5 7. Bb3 d6 8. c3
O-O 9. h3 Na5 10. Bc2 c5 11. d4 Qc7 12. Nbd2 cxd4 13. cxd4 Nc6 14. Nb3 a5 15.
Be3 a4 16. Nbd2 Nb4 17. Bb1 Bd7 18. a3 Nc6 19. Bd3 Na5 20. Rc1 Qb8 21. Qe2 Re8
22. Rc2 Bd8 (22... h6 23. Rd1 Bf8 24. Nb1 $1 Nb3 25. Nc3 $14 {Gufeld-Vasjukov,
UdSSR 1979.}) 23. Rec1 (23. dxe5 dxe5 24. Nb1 $1 Nb3 25. Nc3 b4 26. axb4 Qxb4
27. Bc4 $1 $14 {Gufeld-Kosashvili, Biel (open) 1989.}) 23... b4 24. dxe5 dxe5
25. axb4 Qxb4 26. Bc5 Qb8 27. Qe3 h6 28. Nh4 Nh5 29. Nhf3 Nf4 30. Bf1 Bb5 31.
Bd6 $1 Qxd6 32. Bxb5 Bb6 33. Qa3 Qxa3 (33... Qg6 34. Nh4 Qg5 35. Ndf3 $18) 34.
bxa3 Nb3 (34... Reb8 35. Nxe5 Bxf2+ 36. Kxf2 Rxb5 37. Rc8+ Rxc8 38. Rxc8+ Kh7
39. Nxf7 $16) 35. Bxe8 Nxc1 36. Bc6 Rd8 37. Bxa4 Nce2+ 38. Kf1 Nd4 39. Ra2 Rc8
40. Ra1 Nd3 41. Rb1 Rc3 42. Bd1 Nxf3 43. Nxf3 Bxf2 44. Rb8+ Kh7 45. Rb3 Rxb3
46. Bxb3 Bc5 47. a4 f6 48. Bc4 Nb4 49. Ke2 Nc6 (49... g6 50. Kd2 Kg7 $16) 50.
Kd3 Na5 51. Bd5 g6 52. g4 Kg7 53. Nd2 Kf8 54. Kc3 Ke7 55. Nf3 Kf8 56. h4 Ke7
57. Ne1 Kd6 58. Nd3 Be3 59. Kb4 Bd2+ 60. Kb5 f5 61. h5 $1 gxh5 62. gxf5 h4 63.
f6 Bc3 64. f7 Ke7 65. Nc5 Nb7 66. Nxb7 h3 67. Nc5 1-0

[Event "Najdorf Memorial 11th"]
[Site "Buenos Aires"]
[Date "2000.09.22"]
[Round "5"]
[White "Pierrot, Juan Facundo"]
[Black "Flores, Diego"]
[Result "1-0"]
[WhiteElo "2423"]
[BlackElo "2358"]
[Annotator "Ernst,T"]
[PlyCount "135"]
[EventDate "2000.09.18"]
[EventType "tourn"]
[EventRounds "9"]
[EventCountry "ARG"]
[EventCategory "14"]
[SourceTitle "CBM 080"]
[Source "ChessBase"]
[SourceDate "2001.01.25"]
[SourceVersion "1"]
[SourceVersionDate "2001.01.25"]
[SourceQuality "1"]

1. e4 e5 2. Nf3 Nc6 3. Bb5 a6 4. Ba4 Nf6 5. O-O Be7 6. Re1 b5 7. Bb3 d6 8. c3
O-O 9. h3 Na5 10. Bc2 c5 11. d4 Qc7 12. Nbd2 cxd4 13. cxd4 Nc6 14. Nb3 a5 15.
Be3 a4 16. Nbd2 Nb4 17. Bb1 Bd7 18. a3 Nc6 19. Bd3 Na5 20. Rc1 Qb8 21. Qe2 Re8
22. Rc2 (22. dxe5 dxe5 23. Bc5 Bxc5 24. Rxc5 b4 25. Nc4 $14) 22... Bd8 23. Rec1
exd4 24. Nxd4 b4 25. axb4 Qxb4 26. Qf3 $1 $14 Rb8 27. Nf5 Bxf5 28. Qxf5 g6 29.
Qf3 Nd7 30. Nc4 Nxc4 31. Bxc4 Ne5 32. Qe2 Nxc4 33. Rxc4 Qxb2 34. Qxb2 Rxb2 35.
Rxa4 Bb6 36. Bxb6 Rxb6 37. Rc7 $1 $16 {With a strong pressure on the seventh
row in a double rook ending.} Re6 38. Raa7 Rf6 39. f3 Kg7 40. h4 h5 41. Kh2 Rb2
42. Kh3 Rb6 43. Kg3 Kg8 44. Rc8+ Kg7 45. Re8 Rc6 46. Rd7 Rb6 47. Rdd8 $1 {
Threatening mate and thus forcing the opening of the seventh row.} Re6 48. Rxe6
fxe6 49. Kf4 Kf6 $2 (49... d5 50. e5 Kh6 $6 51. Rd6 $18) 50. Rxd6 Rb5 51. Ra6
$18 Rc5 52. g4 hxg4 53. fxg4 Rc7 54. e5+ Kf7 55. Kg5 Rb7 56. Kh6 Rb4 57. Ra7+
Kf8 58. g5 Rxh4+ 59. Kxg6 Rf4 60. Ra6 Ke7 61. Kh6 Rh4+ 62. Kg7 Rf4 63. g6 Rf5
64. Ra5 Rf1 65. Ra7+ Ke8 66. Rf7 Rg1 67. Kf6 Rg2 68. g7 1-0

[Event "EU-Cup Cheliabinsk-Yerevan"]
[Site "Cheliabinsk"]
[Date "1991.??.??"]
[Round "1"]
[White "Bashkov, Viacheslav"]
[Black "Galdunts, Sergey"]
[Result "1-0"]
[WhiteElo "2470"]
[BlackElo "2445"]
[Annotator "Ernst,T"]
[PlyCount "75"]
[EventDate "1991.??.??"]
[EventType "team"]
[EventRounds "2"]
[EventCountry "URS"]
[SourceTitle "CBM 026"]
[Source "ChessBase"]
[SourceDate "1992.02.01"]
[SourceVersion "1"]
[SourceVersionDate "1992.02.01"]
[SourceQuality "1"]

1. e4 e5 2. Nf3 Nc6 3. Bb5 a6 4. Ba4 Nf6 5. O-O Be7 6. Re1 b5 7. Bb3 d6 8. c3
O-O 9. h3 Na5 10. Bc2 c5 11. d4 Qc7 12. Nbd2 cxd4 13. cxd4 Nc6 14. Nb3 a5 15.
Be3 a4 16. Nbd2 Be6 17. a3 Rfc8 (17... Na5 18. Bd3 Qb8 19. Qe2 $14) 18. Rc1 Bd7
19. Bd3 Qb8 20. Qe2 b4 21. Nc4 $1 {Schwarz hat ein schwaches Feld auf b6.} exd4
22. Nxd4 Ne5 23. Bb1 Bb5 24. Nxb5 Qxb5 25. Nxe5 Qxe2 26. Rxe2 dxe5 27. axb4
Bxb4 28. Rec2 Rxc2 29. Bxc2 Kf8 $2 (29... a3 30. bxa3 Rxa3 31. Rb1 Bd6 32. Rb6
Ne8 $14) (29... a3 30. Ra1 Bf8 $14) 30. Ra1 $1 a3 31. Bc1 Rc8 32. bxa3 Rxc2 33.
axb4 Nxe4 34. b5 Ke8 35. b6 Nd6 36. Ra8+ Kd7 37. Ba3 Rc6 38. Bxd6 1-0

[Event "Dortmund op-A"]
[Site "Dortmund"]
[Date "1992.??.??"]
[Round "10"]
[White "Ernst, Thomas"]
[Black "Galdunts, Sergey"]
[Result "1-0"]
[WhiteElo "2535"]
[BlackElo "2465"]
[Annotator "Ernst,T"]
[PlyCount "123"]
[EventDate "1992.04.??"]
[EventType "swiss"]
[EventRounds "11"]
[EventCountry "GER"]
[SourceTitle "CBM 029"]
[Source "ChessBase"]
[SourceDate "1992.08.01"]
[SourceVersion "1"]
[SourceVersionDate "1992.08.01"]
[SourceQuality "1"]

1. e4 e5 2. Nf3 Nc6 3. Bb5 a6 4. Ba4 Nf6 5. O-O Be7 6. Re1 b5 7. Bb3 d6 8. c3
O-O 9. h3 Na5 10. Bc2 c5 11. d4 Qc7 12. Nbd2 cxd4 13. cxd4 Nc6 14. Nb3 a5 15.
Be3 a4 16. Nbd2 Be6 (16... Bd7 17. Rc1 Rfc8 18. a3 Qb7 19. Bb1 b4 20. Nc4 $16 {
Petrosjan - Pfleger, Bamberg 1968.}) 17. a3 Rfc8 18. Rc1 Bd7 19. Bd3 $6 {
Besser ist 19.Lb1 mit ähnlicher Stellung wie in Petrosjan - Pfleger.} Qb7 20.
Qe2 b4 21. dxe5 Nxe5 $1 22. Rxc8+ Bxc8 23. Nxe5 dxe5 24. Nc4 Be6 25. axb4 Bxb4
26. Bd2 Nd7 27. Rc1 $6 Rd8 $2 (27... Bxd2 28. Qxd2 Nc5 29. Nd6 $2 Qb6 30. Qe3
Qxd6 31. Rxc5 a3 $1 $19) (27... Bxd2 28. Qxd2 Nc5 29. Rc2 f6 $17) 28. Na5 $1
$14 Bxa5 29. Bxa5 Rc8 30. Bc3 Qb8 31. Ba6 Rc5 32. Ra1 Bb3 33. Qe3 Rc6 34. Be2
Nc5 35. Bd1 f6 36. Bxb3+ Qxb3 37. f3 Rc7 38. Kh2 h5 39. Qe2 Rd7 40. Ra3 Qb6 41.
Qc4+ Kh7 42. Ra1 h4 43. Qe2 g5 $6 44. f4 $1 gxf4 (44... exf4 45. Qh5+ Kg8 46.
Rxa4 $1 $16) 45. Qh5+ Kg7 46. Qg4+ Kf8 47. Qxh4 Rd3 48. Qh8+ Ke7 49. Qg7+ Ke6
50. Qg8+ Kd6 51. Qf8+ Ke6 52. Qe8+ Kd6 53. Rc1 $8 (53. Qf7 $2 Nxe4 54. Rxa4
Rxh3+ $3 $19) 53... f3 $2 (53... Nxe4 54. Bxe5+ $18) (53... Nd7 $1 54. Qa8 f3
$6 55. Qxa4 $16) (53... Nd7 $1 54. Qa8 Rxh3+ $3 55. gxh3 Qf2+ 56. Kh1 Qf3+ 57.
Kh2 Qf2+ $10) 54. Qf8+ Ke6 55. Bxe5 $1 $18 Kxe5 56. Rxc5+ Kxe4 57. Qa8+ Kf4 58.
Qc8 $2 (58. Rc4+ Rd4 59. Qxf3+ $18) 58... Qd6 $1 59. Rc6 Qe5 60. Re6 Qd4 $2 {
Beide Spieler waren in Zeitnot.} (60... Qxb2 61. Qg8 Qxg2+ 62. Qxg2 fxg2 63.
Rxf6+ $10) 61. Re7 $1 $18 f5 62. g3+ 1-0

[Event "Bishkek zt"]
[Site "Bishkek"]
[Date "1993.??.??"]
[Round "?"]
[White "Yurtaev, Leonid"]
[Black "Imanaliev, Taalaibek"]
[Result "1-0"]
[WhiteElo "2540"]
[BlackElo "2365"]
[Annotator "Ernst,T"]
[PlyCount "169"]
[EventDate "1993.??.??"]
[EventType "tourn"]
[EventRounds "13"]
[EventCountry "KGZ"]
[EventCategory "7"]
[SourceTitle "CBM 035"]
[Source "ChessBase"]
[SourceDate "1993.08.01"]
[SourceVersion "1"]
[SourceVersionDate "1993.08.01"]
[SourceQuality "1"]

1. e4 e5 2. Nf3 Nc6 3. Bb5 a6 4. Ba4 Nf6 5. O-O Be7 6. Re1 b5 7. Bb3 d6 8. c3
O-O 9. h3 Na5 10. Bc2 c5 11. d4 Qc7 12. Nbd2 cxd4 13. cxd4 Nc6 14. d5 (14. Nb3
$14) (14. a3 $14) 14... Nb4 15. Bb1 a5 16. Nf1 Bd7 17. Bd2 Na6 (17... Rfc8 18.
Ne3 Na6 19. Nh2 Nc5 20. Qf3 Qd8 $10 {Adams,M-Ivanchuk,V/Luzern/1989/}) 18. N3h2
Nc5 19. Qf3 b4 $6 {Weakness/Schwächung/c4/} 20. Rc1 Rfb8 21. Ne3 b3 22. Nc4 Qd8
23. Be3 bxa2 24. Rxa2 Nb3 25. Rc3 Bb5 26. Qd1 Bxc4 27. Rxc4 Nd7 28. Nf3 Nbc5
29. Qe1 Rb5 30. Bc2 Rab8 31. Qa1 h6 32. Bd2 Nb6 33. Rc3 f5 $5 {Very sharp/sehr
scharf/} 34. exf5 Nxd5 35. Rc4 Nb4 36. Bxb4 Rxb4 37. Rxb4 axb4 38. Ra7 $2 (38.
b3 e4 39. Nd4 Bf6 40. Qd1 $14) 38... b3 39. Bd1 Bf6 $1 $132 40. Qc1 Kh8 41. Qc4
e4 42. Nd4 Qg8 $1 43. Ne6 Bxb2 44. Ra5 $3 {White prepars an exchange sacrifice
on c5 followed by an attack on the diagon- al b1-h7/Weiss bereitet ein
Qualitätsopfer auf c5 vor, gefolgt von einem ries- igen Angriff auf der
geschwächten Diagonale b1-h7.} Be5 45. Rxc5 b2 (45... dxc5 46. Qxe4 b2 47. Bc2
$44) 46. Rxe5 b1=Q (46... dxe5 47. Bc2 b1=Q+ 48. Bxb1 Rxb1+ 49. Kh2 $44) 47.
Rd5 $13 Qb4 48. Qe2 Qf7 49. Bc2 Rc8 50. Qxe4 Qxe4 51. Bxe4 Qf6 52. g4 Qc3 53.
Kg2 Qe1 54. Rd4 Rc1 55. Nf4 Qh1+ 56. Kg3 Rc3+ 57. Bd3 Qg1+ 58. Kf3 Qh1+ 59. Ke2
Ra3 60. Rc4 Ra2+ 61. Ke3 Qe1+ 62. Be2 Ra3+ 63. Nd3 Qh1 64. Kd4 d5 $2 (64...
Qxh3 65. Nf4 Qb3 66. Rc8+ Kh7 67. Bc4 Qb6+ 68. Kd5 Qb7+ 69. Rc6 Ra4 $19) 65.
Rc8+ Kh7 66. Nc5 Qc1 67. Bd3 Rxd3+ 68. Kxd3 Qc4+ 69. Ke3 Qc3+ 70. Kf4 d4 71. f6
$1 gxf6 72. Rc7+ Kg8 73. Kf5 Qxh3 74. f4 h5 75. Ne6 Qxg4+ 76. Kxf6 Qh4+ 77. Kg6
Qg4+ 78. Ng5 Kf8 79. f5 $18 d3 80. Rd7 Qc4 81. f6 Ke8 82. Re7+ Kd8 83. Ne6+ Kc8
84. f7 Qe4+ 85. Kg7 1-0

[Event "Interzonal-16"]
[Site "Biel"]
[Date "1993.??.??"]
[Round "10"]
[White "Akopian, Vladimir Eduardovic"]
[Black "Agdestein, Simen"]
[Result "1/2-1/2"]
[WhiteElo "2600"]
[BlackElo "2610"]
[Annotator "Ernst,T"]
[PlyCount "105"]
[EventDate "1993.07.16"]
[EventType "swiss"]
[EventRounds "13"]
[EventCountry "SUI"]
[SourceTitle "CBM 037"]
[Source "ChessBase"]
[SourceDate "1993.12.01"]
[SourceVersion "1"]
[SourceVersionDate "1993.12.01"]
[SourceQuality "1"]

1. e4 e5 2. Nf3 Nc6 3. Bb5 a6 4. Ba4 Nf6 5. O-O Be7 6. Re1 b5 7. Bb3 d6 8. c3
O-O 9. h3 Na5 10. Bc2 c5 11. d4 Qc7 12. Nbd2 cxd4 13. cxd4 Nc6 14. Nb3 a5 15.
Be3 a4 16. Nbd2 Bd7 17. a3 Qb7 18. Qe2 (18. Bd3 Rfe8 19. b4 axb3 20. Qxb3 exd4
21. Nxd4 Nxd4 22. Bxd4 Bc6 23. Qb2 $16 {Shmuter,L-Moroz,A/Ukraina-chT/1991/})
18... Rfe8 19. Bd3 Rab8 20. Rac1 exd4 (20... Bd8 21. dxe5 dxe5 (21... Nxe5 22.
Nxe5 dxe5 23. Rc2 Re6 24. b4 $16 {Eichhorn,E-Heilemann,P/Dr.R.Blass Memorial/
1990/}) 22. Rc5 $16 {Ivanovic,B-Lazic,Mi/Podgorica/1993/}) (20... h6 21. dxe5
dxe5 22. Bc5 $16) 21. Nxd4 Ne5 22. Bb1 Bd8 23. Bg5 h6 24. Bh4 Qb6 (24... Bb6
25. Nc2 Nh7 26. Nb4 $14) 25. Nc2 Rc8 26. Ne3 Rxc1 27. Rxc1 Qd4 28. Ndf1 Ng6 29.
Rd1 Qc5 30. Bxf6 (30. Bg3 Nxe4 31. Bxe4 Rxe4 32. Bxd6 Qc6 $15) 30... Bxf6 31.
Nd5 Bg5 32. Nfe3 $14 Rc8 33. Nf5 Kf8 34. Nc3 Bf4 35. Rd5 Qb6 36. Qd1 Rc5 37.
Ba2 (37. Qd4 Be5 $1) 37... Be5 $1 (37... Rxd5 $2 38. Qxd5 $18) 38. Nxd6 Bxc3
39. bxc3 Be6 (39... Rxc3 $2 40. Nxf7 Be6 41. Rd6 Qc7 42. Rd8+ Kxf7 43. Rd7+ $3
$18) 40. Rxc5 (40. Rd2 Bxa2 41. Rxa2 Rxc3 42. Rd2 Kg8 $13) 40... Qxc5 41. Nf5
$1 Kg8 42. Bxe6 fxe6 43. Qd4 (43. Qd6 Qxc3 44. Qxe6+ Kh7 45. Qd7 Qc1+ 46. Kh2
Qf4+ $10) 43... Qf8 44. Nd6 Qf4 45. g3 Qc1+ 46. Kg2 Qxa3 47. Nxb5 Qb3 48. Qc5
Kh7 49. h4 Qd1 50. h5 Nf4+ $1 $10 51. gxf4 Qg4+ 52. Kf1 Qd1+ 53. Kg2 1/2-1/2

[Event "EU-Cup 09th Group7"]
[Site "Barcelona"]
[Date "1993.10.01"]
[Round "1"]
[White "Prandstetter, Eduard"]
[Black "Pinter, Jozsef"]
[Result "1-0"]
[WhiteElo "2375"]
[BlackElo "2575"]
[Annotator "Ernst,T"]
[PlyCount "75"]
[EventDate "1993.10.01"]
[EventType "team-k.o."]
[EventRounds "3"]
[EventCountry "ESP"]
[SourceTitle "EXT 2020"]
[Source "ChessBase"]
[SourceDate "2019.10.17"]
[SourceVersion "1"]
[SourceVersionDate "2019.10.17"]
[SourceQuality "1"]
[WhiteTeam "Prague Bohemians"]
[BlackTeam "Barcelona UGA"]
[WhiteTeamCountry "CZE"]
[BlackTeamCountry "ESP"]

1. e4 {Wolff} e5 2. Nf3 Nc6 3. Bb5 a6 4. Ba4 Nf6 5. O-O Be7 6. Re1 b5 7. Bb3 d6
8. c3 O-O 9. h3 Na5 10. Bc2 c5 11. d4 Qc7 12. Nbd2 cxd4 13. cxd4 Bb7 14. Nf1
Rac8 15. Re2 (15. Bb1 $14) (15. Bd3 d5 $1) 15... Nh5 (15... Nd7 16. Ne3 Rfe8
17. b3 Bf8 18. Bb2 $14 {Zagorovsky,V-Kauranen,R/corr-6WCH/1968/}) (15... Rfe8
16. Ng3 h6 17. b3 Nc6 18. Bb2 $14 {Klundt,K-Sonntag,H/BL8182/1982/}) (15... d5
16. Nxe5 $1 (16. dxe5 Nxe4 17. Ng3 f5 (17... Nxg3 18. fxg3 d4 $14 {Watzl,
L-Balogh,J/corr-1WCH/1950/}) 18. exf6 Bxf6 19. Bxe4 dxe4 20. Nxe4 Qc6 (20...
Bxe4 21. Rxe4 Qc2 22. Qd5+ Kh8 23. Ne1 Qc7 24. Bf4 Qa7 25. Be3 Qc7 26. Rc1 $16
{Ernst,T-Sorensen,T/Copenhagenop/1988/}) 21. Nxf6+ Rxf6 22. Ne1 Nc4 23. b3 Rg6
24. f3 Nd6 {Sorensen,T-Enterfeldt,L/CCYB03/1991/} 25. Be3 $14) 16... Nxe4 (
16... dxe4 {Wolff} 17. Ng3 $16) 17. f3 Nd6 (17... Ng5 {Wolff} 18. Ng3 g6 19.
Qd3 {/\ Nf5, Gruenfeld,Y}) 18. b3 $14 {Grunfeld,Y-Pinter,J/Manilaol/1992/}) 16.
a4 (16. Ne3 Nf4 17. Re1 Rfe8 18. Bd2 Nc6 19. d5 Nd4 20. Bb1 $14 {Gouret-Pinter,
J/FRA-chT/1989/}) (16. d5 Nf4 17. Bxf4 exf4 18. b3 Bf6 19. Rb1 $16 {Palmo.
P-Sande,O/CCYB02/1990/}) 16... bxa4 (16... b4 $142 {Wolff} 17. d5 $14 (17. b3
f5 $5)) 17. Bxa4 Nf6 18. Ng3 g6 19. Bd2 Nc4 20. Bh6 Rfd8 21. Rc1 Qb6 (21... Qa5
{Wolff} 22. b3 (22. Qb3 $5 Nb6 23. dxe5 Rxc1+ (23... dxe5 24. Rxc8 $18 {
/\ 25.Ng5}) 24. Bxc1 dxe5 25. Nxe5 $1) 22... Na3 (22... Nb6 23. Bd2 Rxc1 24.
Qxc1 $18) 23. Bd2 $16 {><e5}) (21... Qb8 {Wolff} 22. Rec2 (22. Bb3 $5 Na5 23.
Ba2 {><f7}) 22... Nb6 $8 23. Bc6 $16) 22. b3 Na5 23. Rxc8 Bxc8 24. Qa1 Be6 (
24... Nxb3 $2 25. Qb1 Be6 26. d5 $18) 25. d5 Bc8 26. Be3 Qc7 27. b4 Nb7 28. Rc2
$16 Qb8 29. Bb6 Rf8 30. Bc7 Qa7 31. Nxe5 $1 $18 dxe5 32. Qxe5 Nd6 33. Qxe7
Ndxe4 34. Nxe4 Nxe4 35. Bd6 $1 (35. Qxe4 Bf5 36. Qe2 Bxc2 37. Qxc2 Rc8 38. d6
$18) 35... Qxe7 36. Bxe7 Bf5 37. Bxf8 Kxf8 38. g4 1-0

[Event "Peristeri"]
[Site "Peristeri"]
[Date "1994.??.??"]
[Round "7"]
[White "Tzoumbas, Anastasios"]
[Black "Kotronias, Vasilios"]
[Result "1/2-1/2"]
[WhiteElo "2415"]
[BlackElo "2545"]
[Annotator "Ernst,T"]
[PlyCount "107"]
[EventDate "1994.??.??"]
[EventType "tourn"]
[EventRounds "9"]
[EventCountry "GRE"]
[EventCategory "9"]
[SourceTitle "CBM 046"]
[Source "ChessBase"]
[SourceDate "1995.06.01"]
[SourceVersion "1"]
[SourceVersionDate "1995.06.01"]
[SourceQuality "1"]

1. e4 e5 2. Nf3 Nc6 3. Bb5 a6 4. Ba4 Nf6 5. O-O Be7 6. Re1 b5 7. Bb3 d6 8. c3
O-O 9. h3 Na5 10. Bc2 c5 11. d4 Qc7 12. Nbd2 cxd4 13. cxd4 Bb7 14. Nf1 Rac8 15.
Re2 (15. Bb1 $142) 15... d5 16. dxe5 Nxe4 17. Ne3 $6 (17. Ng3) 17... Rfd8 18.
Nf5 Bc5 19. Be3 Bxe3 20. Nxe3 {[#]} Nc4 $10 (20... d4 21. Nf5 d3 22. Bxd3 g6
23. Nd6 (23. N5d4 $142) 23... Nxd6 24. exd6 Qxd6 $15 {Bondarevsky,I-Szabo,L/
Saltsjobaden/1948/}) 21. Qd4 Qc5 22. Qxc5 (22. Rd1 $6 Nxe3 $15) 22... Nxc5 23.
Bf5 Ne6 24. Bxe6 fxe6 25. Nd4 Re8 26. f4 b4 27. b3 Nxe3 28. Rxe3 Rc5 29. g4 g6
30. Rf1 Bc8 31. Rf2 a5 32. Ree2 Rc1+ 33. Kg2 Rf8 34. Rc2 Rd1 $1 (34... Rxc2 $2
35. Rxc2 $18) 35. Nc6 Ba6 36. Nxa5 Bd3 37. Rc7 (37. Rcd2 $1 Be4+ 38. Kg3 Rg1+
39. Kh4 h6 40. Nb7 Kg7 41. Nd6 Rxf4 (41... Bb1 42. f5 $1) 42. Nxe4 Rxe4 43. Rc2
Rxe5 $2 (43... Rf4 $1 $10) 44. Rc7+ Kg8 45. Rf6 $16) 37... g5 $44 38. f5 exf5
39. gxf5 Bxf5 40. Kh2 Be4 41. Rxf8+ Kxf8 42. e6 $10 Rd2+ 43. Kg1 Bg6 44. Nc6
Rxa2 45. e7+ Kf7 46. Nxb4 Ra1+ 47. Kf2 d4 48. Nc6 d3 49. Ne5+ Ke8 50. Nxg6 hxg6
51. Ke3 Rh1 52. Kxd3 Rxh3+ 53. Ke2 Rxb3 54. Rc6 1/2-1/2

[Event "Oslo"]
[Site "Oslo"]
[Date "1992.??.??"]
[Round "5"]
[White "Hellers, Ferdinand"]
[Black "Tisdall, Jonathan D"]
[Result "0-1"]
[WhiteElo "2510"]
[BlackElo "2455"]
[Annotator "Ernst,T"]
[PlyCount "162"]
[EventDate "1992.04.??"]
[EventType "tourn"]
[EventRounds "9"]
[EventCountry "NOR"]
[EventCategory "9"]
[SourceTitle "CBM 030"]
[Source "ChessBase"]
[SourceDate "1992.10.01"]
[SourceVersion "1"]
[SourceVersionDate "1992.10.01"]
[SourceQuality "1"]

1. e4 e5 2. Nf3 Nc6 3. Bb5 a6 4. Ba4 Nf6 5. O-O Be7 6. Re1 b5 7. Bb3 d6 8. c3
O-O 9. h3 Na5 10. Bc2 c5 11. d4 Qc7 12. Nbd2 cxd4 13. cxd4 Nc6 14. Nb3 a5 15.
Be3 a4 16. Nbd2 Bd7 17. Rc1 Qb7 18. Nf1 $6 (18. Qe2 Rfe8 19. Bd3 Rab8 20. a3 h6
21. dxe5 dxe5 22. Bc5 Nh5 23. Bxe7 Nf4 24. Qe3 Rxe7 25. Rc5 Nxd3 26. Qxd3 b4
27. Rec1 $16 {Spassky,B-Torre,E/Hamburg/1982/}) 18... Rfe8 19. Ng3 g6 20. Bg5
Rac8 21. Qd2 Nxd4 22. Nxd4 exd4 23. Qxd4 Rc4 24. Qd2 Be6 25. b3 axb3 26. axb3
Rc5 27. Be3 Rc7 28. f4 Rec8 29. Bd4 Rc6 30. Ne2 b4 31. Bb2 Bd7 32. Nd4 Rc5 33.
Rcd1 Nh5 $1 $132 34. Bd3 Bh4 35. Re2 Qb6 36. Qe3 Bg3 37. f5 Bf4 38. Qf3 Rc3 $1
39. Bxc3 Rxc3 40. Qf2 Bg3 41. Qe3 Bf4 42. Qf2 Bg3 43. Qe3 Nf4 (43... Bf4 $10)
44. Ra2 Qc5 45. Qxg3 (45. Raa1 Bb5 46. f6 h5 47. Ra8+ Kh7 48. Rf8 Bxd3 49.
Rxf7+ Kh6 {49.-Kg8 50.Tg7+ Kf8 51.Ta1!} 50. Rf8 {50.Kh1 Lf1! -+} Qxd4 $1 51.
Qxd4 Ne2+ 52. Kh1 Nxd4 53. Rh8+ Kg5 54. f7 Ne6 55. Re8 Kf6 56. Rxe6+ Kxf7 $19)
45... Qxd4+ 46. Kh2 Nxd3 $17 47. Ra8+ Kg7 48. Rd8 Qe5 $1 49. Qxe5+ (49. Rxd7 $2
Qxg3+ 50. Kxg3 Ne5+ $19) 49... Nxe5 50. Rxd6 gxf5 51. R8xd7 (51. Rd5 Kf6 $17)
51... Nxd7 52. Rxd7 fxe4 53. Rd4 Rxb3 54. Rxe4 h5 55. h4 Kg6 56. Re5 Rc3 57.
Rg5+ Kh6 58. Rf5 Kg6 59. Rg5+ Kh6 60. Rf5 Rc7 61. Rb5 Rc4 62. g3 Rc2+ 63. Kh3
$6 (63. Kg1 Rb2 64. Kf1 b3 65. Ke1 f5 66. Rxf5 Rg2 67. Rb5 b2 68. Kd1 Kg6 $19)
(63. Kg1 Rb2 64. Kf1 b3 65. Ke1 f5 66. Kd1 Kg6 67. Kc1 Rc2+ 68. Kb1 Rc3 $19) (
63. Kg1 Rb2 64. Kf1 b3 65. Ke1 f5 66. Kd1 Kg6 67. Rb6+ Kf7 68. Rb7+ Ke6 69. Rb5
$1 Rb1+ 70. Kd2 b2 71. Kc2 Rg1 72. Kxb2 Rxg3 73. Kc2 Rg4 74. Kd2 Rxh4 75. Ke2
$15) 63... Rc4 64. Kg2 (64. Rf5 b3 65. Rxf7 Rb4 66. Rf1 b2 67. Rb1 Kg6 68. Kg2
Kf5 69. Kf3 Rb3+ 70. Ke2 Kg4 71. Kd2 Kxg3 72. Kc2 Rb8 $19) 64... f6 65. Kf3 Kg6
66. Rb6 Rd4 67. Ke3 Rg4 68. Kf2 Re4 69. Kf3 Rc4 70. Rb5 Rc3+ 71. Kf4 Rb3 72.
Rb6 (72. g4 hxg4 73. Kxg4 Rb1 74. h5+ Kh6 75. Rb6 b3 76. Rxf6+ Kg7 77. Rb6 b2
$19) (72. g4 hxg4 73. Kxg4 Rb1 74. h5+ Kh6 75. Kg3 b3 76. Kh2 b2 77. Kg2 f5 $19
) 72... Rb1 73. Kf3 Rb2 74. Rb5 b3 75. Rb6 Rb1 76. Rb5 f5 77. Kg2 Kf6 78. Kf3
Ke7 79. Kg2 Ke6 80. Kh2 Rb2+ 81. Kh3 Kf6 {Weiss kommt in Zugzwang und der
schwarze König dringt auf dem Damenflügel ein.} 0-1